| 000 | 01163 a2200217 4500 | ||
|---|---|---|---|
| 003 | Nust | ||
| 005 | 20221119135247.0 | ||
| 010 | _a6915375 | ||
| 020 | _a0201060205 | ||
| 040 | _cNust | ||
| 082 | _a515.15,MOR | ||
| 100 |
_aMurray H. Protter _9103142 |
||
| 245 |
_aCalculus with analytic geometry : a first course / _cMurray H. Protter |
||
| 250 | _a2nd ed. | ||
| 260 |
_aReading, Mass. _bAddison-Wesley Pub _c1970 |
||
| 300 | _a x,548p | ||
| 505 | _aInequalities (Page-1), Relations Functions Graphs (Page-17), The Line (Page-52), Introduction to the Calculus Limits (Page-71), Differentiation of Algebraic Functions (Page-131), Applications of Diffentations the Differential (Page-153), The Definite Integral (Page-217), Lines Circles Conics (Page-279), The Trigonometric and Exponential Functions (Page-329), Parametric Equations ARC Length (Page-379 ), Polar Coordinates (Page-404), Vectors in a Plane (Page-430), Formulas and Methods of Integrations (Page-453), Applications of the Integral (Page-490 ). | ||
| 600 |
_aMurray H. Protter _9103142 |
||
| 650 |
_aCalculus with analytic geometry : a first course _9103143 |
||
| 942 |
_2ddc _cBK _k515.15,MOR |
||
| 999 |
_c180706 _d180706 |
||